Marsha, Thankk You for the Dialectics - Will Wood Lyrics - Statistics

General Stats
  • This quiz has been taken 12 times
    7 since last reset
  • The average score is 465 of 575
Answer Stats
Lyrics % Correct
a
100%
A
100%
afraid
100%
an
100%
and
100%
And
100%
any
100%
are
100%
be
100%
begin
100%
but
100%
But
100%
by
100%
can
100%
can't
100%
couch?
100%
could
100%
crow
100%
Disease
100%
disease
100%
don't
100%
for
100%
for,
100%
forgive
100%
guess
100%
have
100%
heed
100%
How
100%
how
100%
I
100%
identity
100%
if
100%
If
100%
illness
100%
I'm
100%
in
100%
in,
100%
In
100%
it
100%
it,
100%
it!
100%
just
100%
know
100%
like
100%
like,
100%
mad
100%
many
100%
me,
100%
me
100%
misspeak,
100%
need
100%
need,
100%
next
100%
no
100%
No,
100%
not
100%
Not
100%
now
100%
now,
100%
of
100%
on
100%
or
100%
our
100%
out
100%
prescribe
100%
pretty
100%
redefine
100%
say,
100%
say
100%
see
100%
smell
100%
so
100%
So
100%
"so
100%
So,
100%
something
100%
Tell
100%
tells
100%
tendency
100%
that
100%
the
100%
time
100%
time,
100%
to
100%
want,
100%
we
100%
We
100%
What
100%
what
100%
where
100%
years
100%
you
100%
You
100%
you,
100%
you'd
100%
your
100%
you're
100%
You're
100%
you've
100%
advertisements
75%
after
75%
back
75%
Back
75%
baths
75%
been
75%
believe
75%
black
75%
bled
75%
body
75%
brain,
75%
canary,
75%
carbon
75%
'Cause
75%
character
75%
chests
75%
cold
75%
Come
75%
could've
75%
damn
75%
day,
75%
days
75%
death
75%
depress
75%
diagnosis
75%
didn't
75%
Doctor,
75%
doctor,
75%
Does
75%
down
75%
drank
75%
draw
75%
ends
75%
evil
75%
except
75%
feel-
75%
get
75%
god
75%
God
75%
good
75%
head,
75%
heart,
75%
hurt
75%
impress,
75%
is
75%
it's
75%
It's
75%
I've
75%
kill
75%
knows?
75%
knows
75%
lately
75%
layer
75%
left
75%
liked
75%
line
75%
little
75%
made
75%
make
75%
milligrams
75%
monoxide
75%
moral
75%
my
75%
never
75%
nobody,
75%
off
75%
ourselves
75%
parts
75%
pills
75%
pray
75%
psychiatrists
75%
rolls
75%
sand
75%
sing
75%
still
75%
take
75%
that's
75%
there?
75%
there
75%
They
75%
thoughts,
75%
together
75%
up
75%
Up
75%
week!
75%
when
75%
who
75%
Who
75%
wills
75%
yourself
75%
ailments
50%
answer
50%
at
50%
average
50%
beholder?
50%
bell
50%
Better
50%
both?
50%
both
50%
breath
50%
change
50%
curve
50%
danger
50%
define
50%
eye
50%
focusing
50%
give
50%
goes"
50%
later
50%
lobotomies,
50%
losing
50%
malady
50%
might
50%
much
50%
nihilists?
50%
Oh
50%
old
50%
pass
50%
pay
50%
People
50%
prefer
50%
quilt'd
50%
raise
50%
raised,
50%
safe
50%
said,
50%
sanity?
50%
scientists!
50%
seek
50%
seem
50%
separate
50%
shock
50%
sorry,
50%
terms
50%
than
50%
therapy,
50%
they're
50%
throws
50%
tide
50%
too
50%
touch
50%
waste
50%
way
50%
well
50%
Well,
50%
We'll
50%
were
50%
with
50%
worried
50%
Ain't
25%
alive
25%
all
25%
another
25%
aspirin
25%
being
25%
call?
25%
cancer
25%
chemistry
25%
chorus
25%
condition
25%
conformity
25%
cure
25%
discovered
25%
failure
25%
feeling
25%
few
25%
flaw,
25%
flipping
25%
Got
25%
harmonies
25%
humanity
25%
issues
25%
low
25%
lyrics
25%
makes
25%
news
25%
pain?
25%
painless
25%
patients
25%
procedure
25%
prognosis
25%
purists:
25%
rate
25%
rings
25%
run
25%
show
25%
sitting
25%
stake?
25%
studies
25%
suppose
25%
survive
25%
symptom,
25%
symptomatic
25%
symptoms
25%
sync,
25%
test?
25%
they've
25%
think
25%
this
25%
those
25%
through
25%
very
25%
voices
25%
What's
25%
what's
25%
Would
25%
you-dentity
25%
No matching quizzes found
Score Distribution
Percent of People with Each Score
Percentile by Number Answered
Your Score History
You have not taken this quiz since the last reset